| 000 | 00000nam##2200000za#4500 |
| 001 | 9.696518 |
| 003 | CaOODSP |
| 005 | 20210624235054 |
| 007 | cr ||||||||||| |
| 008 | 150407|2000||||xxc|||||o f|0| 0 eng|d |
| 040 | |aCaOODSP|beng |
| 043 | |an-cn--- |
| 086 | 1 |aF2-143/2000E-PDF |
| 110 | 1 |aCanada. |bDepartment of Finance. |
| 245 | 10|aNotice of ways and means motion to amend the Income Tax Act, the income tax application rules and certain acts related to the Income Tax Act |h[electronic resource] |
| 260 | |aOttawa - Ontario : |bFinance Canada |c[2000]. |
| 300 | |a172p. |
| 590 | |a12-38-Supp|b2012-09-27 |
| 690 | 07|aAmendments|2gcpds |
| 690 | 07|aIncome tax|2gcpds |
| 775 | 08|tAvis de motion de voies et moyens visant à modifier la Loi de l'impôt sur le revenu, les règles concernant l'application de l'impôt sur le revenu et certaines lois liées à la Loi de l'impôt sur le revenu |w(CaOODSP)9.640630 |
| 776 | 0#|tNotice of ways and means motion to amend the Income Tax Act, the income tax application rules and certain acts related to the Income Tax Act / |w(CaOODSP)9.661993 |
| 776 | 0#|tAvis de motion de voies et moyens visant à modifier la Loi de l'impôt sur le revenu, les règles concernant l'application de l'impôt sur le revenu et certaines lois liées à la Loi de l'impôt sur le revenu / |w(CaOODSP)9.661994 |
| 856 | 40|ahttp://publications.gc.ca|qPDF|s1.17 MB|uhttps://publications.gc.ca/collections/Collection/F2-143-2000E.pdf |